000 00652nam a2200241Ia 4500
003 OSt
005 20220918225322.0
006 a|||||r|||| 00| 0
007 ta
008 220917b |||||||| |||| 00| 0 eng d
024 _a239,901
037 _cTextual
040 _aARTS
_cARTS
_beng
041 _2eng
_aeng
082 _az2jN32, N2
245 0 _aHorizons of Indic studies
260 _aChandigarh
_bShri Sahitya Sudha Sadanam India
_c1992
300 _a266p.
_ccm.
490 _aM.M. Dr. Shashidhar Sharma felicitation series; 5
650 _aINDIA - HISTORY
942 _hz2jN32, N2
_cTEXL
_2CC
999 _c284356
_d284356